000 00645nam a2200229 4500
008 s2002 fr fre u
020 _a2011352878
020 _a9782011352873
040 _aLB-BrCRDP
082 1 _aT. S
_bCHI. g
100 1 _aDurupthy, André
245 1 0 _aChimie - Term.S. Classeur du professeur
_cAndré Durupthy , Odile Durupthy
260 _aParis
_bHachette
_c2002
300 _a176 p.
_c32 cm
490 0 _aDurupthy
500 _aSommaire, annexes.
650 4 _aClasse de Terminale
650 4 _aChimie
700 1 _aDurupthy, Odile
942 _cBK
999 _c1213
_d1213